000 00942nam a22002417a 4500
005 20080806111248.0
008 080806t xxu||||| |||| 00| 0 eng d
010 _aENG-90674
020 _a9788184350791
_c595.00
035 _aEN-74207
037 _bDBAD / PUB
040 _aDPL
_bEN
082 _a333.707
100 _aSingh, M.S.
245 _aEnvironmental education /
_cby M.S. Singh
260 _aNew Delhi
_bAdhyayan Publishers & Distributors
_c2007
270 _a4.78/4B, 105, J.M.D. House, Murari Lal Street, Ansari Raod, Darya Ganj,
_bNew Delhi
_e110002
_k23263018
300 _av, 228p.
_c23 cm (Hb)
500 _aIncludes bibliographical references and index
650 _aEnvironmental education
942 _2ddc
_cEN
_h333.707
_mSIN
999 _c14730
_d14730